Ḥaqīqī zindagī. (Record no. 87465)

MARC details
000 -LEADER
fixed length control field 00593cam a22002291 4500
001 - CONTROL NUMBER
control field sa 68017011
003 - CONTROL NUMBER IDENTIFIER
control field DLC
005 - DATE AND TIME OF LATEST TRANSACTION
control field 20260227112659.0
008 - FIXED-LENGTH DATA ELEMENTS--GENERAL INFORMATION
fixed length control field 940728s1967 ii 000 0 urdo
010 ## - LIBRARY OF CONGRESS CONTROL NUMBER
LC control number sa 68017011
025 ## - OVERSEAS ACQUISITION NUMBER
Overseas acquisition number PL480:I-U-2071
035 ## - SYSTEM CONTROL NUMBER
System control number (OCoLC)30844789
040 ## - CATALOGING SOURCE
Original cataloging agency DLC
Transcribing agency CU
Modifying agency CU
-- DLC
042 ## - AUTHENTICATION CODE
Authentication code premarc
050 00 - LIBRARY OF CONGRESS CALL NUMBER
Classification number BS558.U7
Item number S5
100 1# - MAIN ENTRY--PERSONAL NAME
Personal name Singh, Sundar,
Dates associated with a name 1889-1929.
245 10 - TITLE STATEMENT
Title Ḥaqīqī zindagī.
260 ## - PUBLICATION, DISTRIBUTION, ETC.
Place of publication, distribution, etc. [Jullundar,
Name of publisher, distributor, etc. Christian Literature Centre]
Date of publication, distribution, etc. 1967.
300 ## - PHYSICAL DESCRIPTION
Extent 77 p.
Dimensions 19 cm.
500 ## - GENERAL NOTE
General note In Urdu.
650 #0 - SUBJECT ADDED ENTRY--TOPICAL TERM
Topical term or geographic name entry element Bible stories, Urdu.

No items available.

Powered by Koha